| 000 | 00850nam0a22002531 4500 | ||
|---|---|---|---|
| 001 | rc\3049952 | ||
| 005 | 20250806202306.0 | ||
| 035 | _a(NLR Aleph) 007189524 | ||
| 090 |
_a46200 _c46200 |
||
| 100 | _a20111010d1945 u y0rusy50 ca | ||
| 101 | 0 | _arus | |
| 102 | _aRU | ||
| 105 | _aa z ||||| | ||
| 200 | 1 |
_aАгросоветы овощеводу Севера _fВ.К. Коль |
|
| 210 |
_a[Архангельск] _cАрханг. изд-во _d1945 _gтип. им. Склепина |
||
| 215 |
_a191 с., 1 л. табл. _cил., схем., табл. _d14 см |
||
| 700 | 1 |
_aКоль _bВ.К. _gВладимир Карлович |
|
| 801 | 0 |
_aRU _bNLR _gpsbo |
|
| 801 | 1 |
_aRU _bELAR _2rusmarc |
|
| 852 |
_aNLR _bС _j40 Г-1/9 |
||
| 942 | _cBOOK | ||
| 945 | _aРоссийская национальная библиотека | ||
| 980 | _aNB | ||
| 980 | _aBV | ||